ロード中...
The Bhagavatam
| 第一著者: | |
|---|---|
| フォーマット: | Printed Book |
| 言語: | English |
| 出版事項: |
Jaico Publishing, Delhi
Jaico Publishing, Delhi
1983
|
| LEADER | 00478nam a2200121Ia 4500 | ||
|---|---|---|---|
| 008 | 111205s9999 xx 000 0 eng d | ||
| 100 | |a Subrahmanian ,N.S. | ||
| 245 | |a The Bhagavatam |c Subrahmanian ,N.S. | ||
| 260 | |b Jaico Publishing, Delhi |a Jaico Publishing, Delhi |c 1983 | ||
| 300 | |a 355 | ||
| 942 | |c BK | ||
| 999 | |c 209622 |d 209622 | ||
| 952 | |0 0 |1 0 |2 ddc |4 0 |6 E_294_592000000000000_5_SUB_B |7 0 |9 231848 |a MAL |b MAL |c ST1 |d 1972-09-16 |g 20.00 |l 0 |o E 294.592 5 SUB/B |p MAL21382 |r 2011-12-05 |v 20.00 |w 2011-12-05 |y BK | ||